Score 0/28 Timer 07:00
0 Plays Today
% Correct
Pulp Fiction
96.9%
Seven
89.3%
A Clockwork Orange
87.9%
Black Swan
87.9%
Django Unchained
84.8%
Saving Private Ryan
82.2%
The Texas Chain Saw Massacre
82%
127 Hours
80.1%
Misery
79.9%
The Exorcist
78.5%
Psycho
74.7%
Full Metal Jacket
68.5%
The Omen
67.5%
Reservoir Dogs
61.1%
% Correct
Taxi Driver
56.6%
Trainspotting
54%
Cape Fear
52%
Donnie Brasco
51%
Deliverance
42.8%
Blue Velvet
41.7%
Alive
38.6%
Oldboy
35.6%
City of God
32.6%
Bad Lieutenant
24.2%
Wild at Heart
17.4%
The Accused
17.3%
Straw Dogs (2011)
16.8%
The Squid and the Whale
14.4%
Remove Ads.
Support Sporcle.
Get the best of Sporcle when you Go Orange. This ad-free experience offers more features, more stats, and more fun while also helping to support Sporcle. Thank you for becoming a member.

You're not logged in!

Compare scores with friends on all Sporcle quizzes.
OR
Log In

Sporcle TV

Today on Sporcle TV


Watch our educational content, quiz creation guides, and fun videos on Sporcle TV.

Show Comments

Extras

Top Quizzes Today


Score Distribution

Paid Content

Your Account Isn't Verified!

In order to create a playlist on Sporcle, you need to verify the email address you used during registration. Go to your Sporcle Settings to finish the process.

Report this User

Report this user for behavior that violates our Community Guidelines.

Details: